| 000 | 01656nam a22002537a 4500 | ||
|---|---|---|---|
| 003 | OSt | ||
| 005 | 20211222133424.0 | ||
| 008 | 140814b xxu||||| |||| 00| 0 eng d | ||
| 020 | _a9780198746577 | ||
| 040 | _cLC | ||
| 050 | _aHB171.5.L73 | ||
| 100 | _aLipsey,Richard | ||
| 245 |
_aEconomics. / _cRichard Lipsey, Alec Chrystal |
||
| 250 | _a13th ed. | ||
| 260 |
_aOxford: _bOxford University Press, _c2015. |
||
| 300 |
_axiii, 611 p.: _bill. ; _c22cm. |
||
| 500 | _aIncludes glossary and index | ||
| 505 | _aContents: 1. Consumer markets: Demand and supply -- Consumer choice: indifference theory -- 2. Decision making by firms: The cost structure of firms -- Perfect competition -- Monopoly -- Imperfect competition -- 3. Input markets and the role of governments: Demand and supply of inputs -- The labour market -- Capital, investment, and new technology -- The role of government -- 4. Macroeconomics: Issues and Framework: Issues for the aggregate economy -- A basic model of the determination of GDP in the short term -- GDP in an open economy with government -- Money and monetary institutions -- The money market -- GDP in a monetary economy with a constant price level -- GDP in a monetary economy with a variable price level -- GDP with credible inflation targeting -- 5. Macroeconomics of the global economy: Business cycle, unemployment, and inflation -- Currency values and external payments -- Economic growth and sustainability -- International trade -- Economics of developing countries -- | ||
| 653 | _aEconomics | ||
| 653 | _aMacroeconomics | ||
| 653 | _aMicroeconomics | ||
| 700 | _aChrystal, Alec | ||
| 942 |
_2lcc _cBK |
||
| 999 |
_c8367 _d15867 |
||